=LDR 00000nam 2200000 4500 =001 INLIS000000000044411 =005 20131008105832 =008 ***********************************eng** =035 ##$$0010-101300000002333 =041 ##$$a eng =082 ##$$a 641 =090 ##$$a 641,, FOO F =100 ##$$a Gladys =245 ##$$a Foods,, Seventh edition =260 ##$$a Library of Congress Catalog $b USA =300 ##$$a xii, 528 hlm,, ilus,, 22 cm =850 ##$$a NBPNMAT